[Event "Moscow-ch op Superfinal"]
[Site "Ershovo"]
[Date "2024.02.26"]
[Round "6"]
[White "Serikbay, Assel"]
[Black "Hakobyan, Menua"]
[Result "0-1"]
[WhiteElo "2163"]
[BlackElo "1995"]
[PlyCount "74"]
[EventDate "2024.02.23"]
[EventType "swiss"]
[EventRounds "10"]
[EventCountry "RUS"]
[SourceTitle "CB10_2024"]
[SourceDate "2024.03.06"]
[SourceVersion "1"]
[SourceVersionDate "2024.03.06"]
[SourceQuality "1"]

1. e4 e6 2. d4 d5 3. e5 c5 4. c3 Nc6 5. Nf3 Qb6 6. a3 Nh6 7. b4 cxd4 8. cxd4 Nf5 9. Bb2 Bd7 10. g4 Nfe7 11. Nc3 h5 12. g5 Ng6 13. Qd2 Nce7 14. Bd3 Nf5 15. Rc1 Ngh4 16. Nxh4 Nxh4 17. Be2 Nf5 18. Bd1 Be7 19. Na4 Qd8 20. f4 b6 21. Nc3 Rc8 22. Be2 a5 23. b5 f6 24. gxf6 gxf6 25. Bd3 fxe5 26. Bxf5 exf5 27. dxe5 d4 28. Qxd4 Be6 29. Qxd8+ Rxd8 30. Ne2 Bc5 31. h4 Rg8 32. Rd1 Rxd1+ 33. Kxd1 Rg2 34. Bc1 Bb3+ 35. Ke1 Bc4 36. Nc3 Rg3 37. Bb2 Re3+ 0-1

[Event "Moscow-ch op Superfinal"]
[Site "Ershovo"]
[Date "2024.02.24"]
[Round "3"]
[White "Arakelyan, Manvel"]
[Black "Serikbay, Assel"]
[Result "0-1"]
[WhiteElo "2023"]
[BlackElo "2163"]
[PlyCount "116"]
[EventDate "2024.02.23"]
[EventType "swiss"]
[EventRounds "10"]
[EventCountry "RUS"]
[SourceTitle "CB10_2024"]
[SourceDate "2024.03.06"]
[SourceVersion "1"]
[SourceVersionDate "2024.03.06"]
[SourceQuality "1"]

1. e4 c5 2. Nf3 d6 3. d4 cxd4 4. Nxd4 Nf6 5. Nc3 a6 6. h3 e5 7. Nde2 Be7 8. g4 Be6 9. Bg2 Nc6 10. Be3 b5 11. Nd5 Bxd5 12. exd5 Na5 13. Qd3 Nc4 14. 0-0-0 Nd7 15. Kb1 Qc7 16. Ng3 Nxe3 17. Qxe3 0-0 18. h4 Rfc8 19. Be4 Nc5 20. Bf5 Re8 21. g5 Qd8 22. Rdg1 g6 23. Bg4 a5 24. Ne4 Nxe4 25. Qxe4 Ra7 26. Rg3 Rf8 27. Rgh3 f5 28. gxf6 Rxf6 29. h5 g5 30. Qe3 Rc7 31. Qxg5+ Kh8 32. Qd2 Rf4 33. Be6 Bg5 34. Qxa5 Rxf2 35. Rc3 Rxc3 36. Qxc3 Qf8 37. a3 h6 38. Qd3 Qf3 39. Qxf3 Rxf3 40. Bd7 b4 41. axb4 Kg7 42. b5 Be3 43. Rh4 Rf4 44. Rh2 Kf6 45. Rg2 e4 46. Rg6+ Ke5 47. Bc6 Bc5 48. b4 Bb6 49. c3 e3 50. Kc2 Rf2+ 51. Kd1 Ke4 52. Ke1 Kd3 53. Bd7 Kxc3 54. Rxd6 Bd4 55. b6 Kxb4 56. Re6 Kb3 57. b7 Bc3+ 58. Kd1 e2+ 0-1

[Event "Wch Blitz (Women)"]
[Site "Samarkand"]
[Date "2023.12.30"]
[Round "13"]
[White "Nomin Erdene, Davaademberel"]
[Black "Serikbay, Assel"]
[Result "1-0"]
[WhiteElo "2358"]
[BlackElo "2186"]
[PlyCount "65"]
[EventDate "2023.12.29"]
[EventType "swiss (blitz)"]
[EventRounds "17"]
[EventCountry "UZB"]
[SourceTitle "CB01_2024"]
[SourceDate "2024.01.03"]
[SourceVersion "1"]
[SourceVersionDate "2024.01.03"]
[SourceQuality "1"]

1. e4 c5 2. Nf3 e6 3. d4 cxd4 4. Nxd4 a6 5. c4 Nf6 6. Nc3 Qc7 7. a3 b6 8. Be3 Bb7 9. f3 Be7 10. Be2 d6 11. Rc1 0-0 12. 0-0 Nbd7 13. b4 Rac8 14. Qd2 Rfd8 15. Rc2 Qb8 16. Rb1 Qa8 17. Na4 d5 18. exd5 exd5 19. Nf5 Bf8 20. c5 bxc5 21. bxc5 d4 22. Bxd4 Bxc5 23. Nxc5 Nxc5 24. Ne7+ Kh8 25. Nxc8 Ne6 26. Nb6 Qb8 27. Rc4 Qd6 28. Rd1 Nf4 29. Bf1 N6d5 30. Nxd5 Nxd5 31. Bf2 h6 32. Rd4 Qg6 33. Bc4 1-0

[Event "Wch Blitz (Women)"]
[Site "Samarkand"]
[Date "2023.12.29"]
[Round "7"]
[White "Tokhirjonova, Gulruhbegim"]
[Black "Serikbay, Assel"]
[Result "1-0"]
[WhiteElo "2370"]
[BlackElo "2186"]
[PlyCount "137"]
[EventDate "2023.12.29"]
[EventType "swiss (blitz)"]
[EventRounds "17"]
[EventCountry "UZB"]
[SourceTitle "CB01_2024"]
[SourceDate "2024.01.03"]
[SourceVersion "1"]
[SourceVersionDate "2024.01.03"]
[SourceQuality "1"]

1. e4 c5 2. Nf3 e6 3. d4 cxd4 4. Nxd4 a6 5. c4 Nf6 6. Nc3 Qc7 7. a3 Be7 8. Be2 0-0 9. Be3 d6 10. 0-0 b6 11. b4 Bb7 12. f3 b5 13. Rc1 bxc4 14. Na4 d5 15. exd5 Bxd5 16. Qd2 Nbd7 17. Nb2 Nb6 18. Nb3 Bd6 19. f4 Rac8 20. Qd4 Nfd7 21. Na5 e5 22. Qd2 c3 23. Qd1 exf4 24. Bd4 Be5 25. Kh1 Qd6 26. Bxe5 Qxe5 27. Nd3 Qe4 28. Bf3 Qe6 29. Nxf4 Bxf3 30. Nxe6 Bxd1 31. Nxf8 c2 32. Nxd7 Nxd7 33. Nb3 Ne5 34. Nc5 Rd8 35. Kg1 f6 36. Nxa6 Be2 37. Rfe1 Bxa6 38. Rxc2 Kf7 39. a4 Bd3 40. Rc7+ Kg6 41. b5 Ra8 42. Ra1 Bxb5 43. a5 Ra6 44. Rb7 Bd3 45. Rb6 Nd7 46. Rxa6 Bxa6 47. Rc1 Ne5 48. Rb1 Nc4 49. Rb8 Kf5 50. Ra8 Bb5 51. a6 Bc6 52. Rc8 Na5 53. a7 Bb7 54. Rc7 Ba8 55. Rc5+ Ke6 56. Rxa5 Kd6 57. g3 Kc6 58. Kf2 Kb6 59. Ra1 g6 60. Ke3 h5 61. Kd4 g5 62. Rf1 Kxa7 63. Rxf6 h4 64. gxh4 gxh4 65. Rh6 Bf3 66. Rxh4 Kb7 67. Rf4 Bd1 68. Rf1 Be2 69. Rc1 1-0

[Event "Wch Blitz (Women)"]
[Site "Samarkand"]
[Date "2023.12.29"]
[Round "5"]
[White "Zhunusbekova, Aymunzhok"]
[Black "Serikbay, Assel"]
[Result "0-1"]
[WhiteElo "1527"]
[BlackElo "2186"]
[PlyCount "46"]
[EventDate "2023.12.29"]
[EventType "swiss (blitz)"]
[EventRounds "17"]
[EventCountry "UZB"]
[SourceTitle "CB01_2024"]
[SourceDate "2024.01.03"]
[SourceVersion "1"]
[SourceVersionDate "2024.01.03"]
[SourceQuality "1"]

1. e4 c5 2. Nc3 e6 3. Nge2 Nc6 4. g3 d5 5. exd5 exd5 6. Bg2 d4 7. Ne4 f5 8. Nf4 g6 9. Qe2 fxe4 10. Bxe4 Be7 11. Qf3 Nf6 12. Bxc6+ bxc6 13. Qxc6+ Bd7 14. Qf3 0-0 15. 0-0 Qc7 16. Re1 Bg4 17. Qb3+ c4 18. Qa4 Bd6 19. d3 Bd7 20. Qxc4+ Qxc4 21. dxc4 Rae8 22. Bd2 Bc6 23. c3 Ne4 0-1

[Event "Wch Rapid (Women)"]
[Site "Samarkand"]
[Date "2023.12.27"]
[Round "7"]
[White "Serikbay, Assel"]
[Black "Danielian, Elina"]
[Result "1/2-1/2"]
[WhiteElo "2186"]
[BlackElo "2396"]
[PlyCount "90"]
[EventDate "2023.12.26"]
[EventType "swiss (rapid)"]
[EventRounds "11"]
[EventCountry "UZB"]
[SourceTitle "CB01_2024"]
[SourceDate "2024.01.03"]
[SourceVersion "1"]
[SourceVersionDate "2024.01.03"]
[SourceQuality "1"]

1. e4 d6 2. d4 g6 3. Nc3 Bg7 4. Be2 a6 5. Be3 Nd7 6. Qd2 h6 7. f4 b5 8. a3 Bb7 9. Bf3 e5 10. dxe5 dxe5 11. 0-0-0 Ngf6 12. Qf2 Qe7 13. g4 exf4 14. Bxf4 Ne5 15. g5 hxg5 16. Bxg5 Nfg4 17. Qd2 Qxg5 18. Qxg5 Bh6 19. Qxh6 Rxh6 20. Rd2 Rd8 21. Bxg4 Rxd2 22. Kxd2 Nxg4 23. Nf3 Rh3 24. Ke2 f5 25. Ng5 Rxh2+ 26. Rxh2 Nxh2 27. exf5 gxf5 28. Ke3 Ke7 29. Kf4 Ng4 30. Ne2 Bc8 31. Nd4 Kd6 32. Nxf5+ Bxf5 33. Kxf5 Ne3+ 34. Ke4 Nxc2 35. Kd3 Ne1+ 36. Kc3 Kd5 37. b4 c6 38. Nh3 Ng2 39. Nf2 Nf4 40. Ng4 Ke4 41. Nf6+ Ke3 42. Nd7 Nd5+ 43. Kb3 Kd4 44. Nb8 Ne7 45. Nxa6 Nd5 1/2-1/2

[Event "KAZ-ch (Women)"]
[Site "Astana"]
[Date "2023.12.23"]
[Round "9"]
[White "Serikbay, Assel"]
[Black "Balabayeva, Kseniya"]
[Result "1/2-1/2"]
[WhiteElo "2186"]
[BlackElo "2244"]
[PlyCount "26"]
[EventDate "2023.12.13"]
[EventType "tourn"]
[EventRounds "9"]
[EventCountry "KAZ"]
[SourceTitle "CB52_2023"]
[SourceDate "2023.12.27"]
[SourceVersion "1"]
[SourceVersionDate "2023.12.27"]
[SourceQuality "1"]

1. e4 e6 2. d4 d5 3. Nd2 c5 4. Ngf3 cxd4 5. Nxd4 Nf6 6. Bb5+ Bd7 7. Bxd7+ Nbxd7 8. exd5 Nxd5 9. 0-0 Be7 10. c4 N5f6 11. Qe2 0-0 12. b3 Qa5 13. Bb2 Ba3 1/2-1/2

[Event "KAZ-ch (Women)"]
[Site "Astana"]
[Date "2023.12.21"]
[Round "7"]
[White "Serikbay, Assel"]
[Black "Davletbayeva, Madina"]
[Result "0-1"]
[WhiteElo "2186"]
[BlackElo "2216"]
[PlyCount "162"]
[EventDate "2023.12.13"]
[EventType "tourn"]
[EventRounds "9"]
[EventCountry "KAZ"]
[SourceTitle "CB52_2023"]
[SourceDate "2023.12.27"]
[SourceVersion "1"]
[SourceVersionDate "2023.12.27"]
[SourceQuality "1"]

1. e4 e5 2. Nf3 Nc6 3. Bb5 a6 4. Ba4 Nf6 5. d3 d6 6. c3 g6 7. 0-0 Bg7 8. d4 b5 9. Bb3 0-0 10. h3 Bb7 11. Re1 h6 12. Nbd2 Nh5 13. Nf1 Qf6 14. Ne3 Nf4 15. Ng4 Qe7 16. Bxf4 exf4 17. Qd2 h5 18. Ngh2 Bh6 19. g3 fxg3 20. Qxh6 gxh2+ 21. Kxh2 Qf6 22. Rg1 Ne7 23. Rae1 Rae8 24. Ng5 Qg7 25. Qxg7+ Kxg7 26. f4 d5 27. e5 Bc8 28. Nf3 c6 29. Nd2 Kh6 30. Bd1 Nf5 31. Nb3 Ng7 32. Na5 Bd7 33. Nb7 Be6 34. Nd6 Rb8 35. Bc2 b4 36. Rb1 Rb6 37. Bd3 a5 38. c4 dxc4 39. Bxc4 Nf5 40. Nxf5+ Bxf5 41. Rbd1 Rb7 42. d5 cxd5 43. Bxd5 Rc7 44. Rc1 Rd7 45. Bb3 Rd3 46. Rg3 Rd2+ 47. Rg2 Rd4 48. Rc4 Rd3 49. Rg3 Rfd8 50. Rxd3 Rxd3 51. Rc7 Rd2+ 52. Kg3 Be6 53. Bxe6 fxe6 54. Ra7 Rxb2 55. Rxa5 b3 56. axb3 Rxb3+ 57. Kg2 g5 58. fxg5+ Kxg5 59. Ra4 Re3 60. Rb4 Rxe5 61. Kf3 Ra5 62. h4+ Kf5 63. Rf4+ Ke5 64. Re4+ Kd5 65. Kf4 Kd6 66. Rd4+ Ke7 67. Rb4 Kf6 68. Rc4 Rf5+ 69. Ke4 Rf1 70. Rc5 Re1+ 71. Kf3 Re5 72. Rc4 Ra5 73. Rf4+ Rf5 74. Ke4 Rxf4+ 75. Kxf4 e5+ 76. Ke4 Ke6 77. Ke3 Kf5 78. Kf3 e4+ 79. Ke3 Ke5 80. Ke2 Kf4 81. Kf2 Kg4 0-1

[Event "KAZ-ch (Women)"]
[Site "Astana"]
[Date "2023.12.19"]
[Round "6"]
[White "Kaldarova, Ayaulym"]
[Black "Serikbay, Assel"]
[Result "1/2-1/2"]
[WhiteElo "2015"]
[BlackElo "2186"]
[PlyCount "136"]
[EventDate "2023.12.13"]
[EventType "tourn"]
[EventRounds "9"]
[EventCountry "KAZ"]
[SourceTitle "CB52_2023"]
[SourceDate "2023.12.27"]
[SourceVersion "1"]
[SourceVersionDate "2023.12.27"]
[SourceQuality "1"]

1. Nf3 d5 2. g3 Nf6 3. Bg2 e6 4. c4 Be7 5. 0-0 0-0 6. d4 c6 7. Nc3 Nbd7 8. Qd3 b6 9. e4 Ba6 10. b3 Rc8 11. Rd1 c5 12. e5 Ne8 13. dxc5 bxc5 14. Qd2 d4 15. Ne4 Bb7 16. Qd3 f6 17. exf6 gxf6 18. b4 e5 19. g4 cxb4 20. Nh4 Ng7 21. Bh6 Rf7 22. Qg3 Nc5 23. Nxc5 Bxc5 24. Bxg7 Rxg7 25. Nf5 Rd7 26. Bh3 Bf8 27. g5 Kh8 28. g6 Qe8 29. Nh4 Rg7 30. Bxc8 Qxc8 31. Rac1 Bc5 32. Kf1 hxg6 33. Rd3 e4 34. Rd2 Qe6 35. Nxg6+ Kh7 36. Nf4 Qf5 37. Qh3+ Qxh3+ 38. Nxh3 e3 39. fxe3 dxe3 40. Rb2 Bd4 41. Rbc2 Be4 42. Nf4 Bxc2 43. Rxc2 Be5 44. Nd5 Bd4 45. Nxb4 f5 46. Nd3 f4 47. Ne1 Rb7 48. Ke2 Kg6 49. c5 Kf5 50. Nf3 Bf6 51. c6 Rc7 52. Rc5+ Kg4 53. a4 Be7 54. Ne5+ Kf5 55. Rb5 Ke6 56. Nd3 Bd6 57. Kf3 e2 58. Kxe2 Rxc6 59. Ra5 Rc2+ 60. Kd1 Rxh2 61. Rxa7 f3 62. Rg7 Kf5 63. Ke1 Re2+ 64. Kf1 Rd2 65. Rf7+ Ke4 66. Nf2+ Ke3 67. Ng4+ Ke4 68. Nf2+ Ke3 1/2-1/2

[Event "KAZ-ch (Women)"]
[Site "Astana"]
[Date "2023.12.18"]
[Round "5"]
[White "Serikbay, Assel"]
[Black "Kim, Kristina"]
[Result "1-0"]
[WhiteElo "2186"]
[BlackElo "1933"]
[PlyCount "47"]
[EventDate "2023.12.13"]
[EventType "tourn"]
[EventRounds "9"]
[EventCountry "KAZ"]
[SourceTitle "CB52_2023"]
[SourceDate "2023.12.27"]
[SourceVersion "1"]
[SourceVersionDate "2023.12.27"]
[SourceQuality "1"]

1. e4 Nf6 2. e5 Nd5 3. c4 Nb6 4. d4 d6 5. f4 dxe5 6. fxe5 Nc6 7. Be3 Bf5 8. Nc3 e6 9. Nf3 Be7 10. Be2 0-0 11. 0-0 f6 12. exf6 Bxf6 13. Qd2 Qd7 14. Rad1 Rad8 15. d5 exd5 16. Nxd5 Nxd5 17. cxd5 Qe7 18. Bc4 Qe4 19. b3 Kh8 20. Qf2 Ne5 21. Nd2 Qh4 22. Qxf5 Be7 23. Qxe5 Bd6 24. g3 1-0

[Event "FIDE World Cup (Women)"]
[Site "Baku"]
[Date "2023.08.01"]
[Round "1.4"]
[White "Serikbay, Assel"]
[Black "Guichard, Pauline"]
[Result "1/2-1/2"]
[WhiteElo "2139"]
[BlackElo "2384"]
[PlyCount "63"]
[EventDate "2023.07.30"]
[EventType "k.o."]
[EventRounds "7"]
[EventCountry "AZE"]
[SourceTitle "EXT 2024"]
[Source "ChessBase"]
[SourceDate "2023.10.10"]
[SourceVersion "1"]
[SourceVersionDate "2023.10.10"]
[SourceQuality "1"]

1. e4 e5 2. Nf3 Nc6 3. Bb5 Nf6 4. d3 Bc5 5. c3 d5 6. exd5 Qxd5 7. Bc4 Qd6 8. b4 Bb6 9. 0-0 0-0 10. Ba3 e4 11. b5 Bc5 12. dxe4 Bxa3 13. Nxa3 Qxa3 14. bxc6 Nxe4 15. Qb1 Nd6 16. Bd3 h6 17. Qb4 Qxb4 18. cxb4 bxc6 19. Nd4 Bb7 20. Rfc1 a5 21. bxa5 Rxa5 22. Nxc6 Ra3 23. Nb4 Rc8 24. Rc5 Ra4 25. a3 Rca8 26. Nc2 Ba6 27. Bxa6 R4xa6 28. Rxc7 Nb5 29. Rb7 Nxa3 30. Nxa3 Rxa3 31. Rxa3 Rxa3 32. h4 1/2-1/2

[Event "Belgrade Serbia op"]
[Site "Belgrade"]
[Date "2023.07.21"]
[Round "6"]
[White "Campos Gomez, Manuel"]
[Black "Serikbay, Assel"]
[Result "1-0"]
[WhiteElo "2316"]
[BlackElo "2139"]
[PlyCount "79"]
[EventDate "2023.07.16"]
[EventType "swiss"]
[EventRounds "9"]
[EventCountry "SRB"]
[SourceTitle "CBM 215 Extra"]
[Source "ChessBase"]
[SourceDate "2023.09.30"]
[SourceVersion "1"]
[SourceVersionDate "2023.09.30"]
[SourceQuality "1"]

1. d4 d5 2. c4 e6 3. Nf3 Nf6 4. g3 Bb4+ 5. Bd2 Be7 6. Bg2 0-0 7. 0-0 c6 8. Qc2 Nbd7 9. Bf4 b6 10. cxd5 cxd5 11. Rc1 Bb7 12. Bc7 Qe8 13. Qb3 a5 14. Nc3 Ba6 15. e4 Rc8 16. Bf4 Nxe4 17. Nxe4 dxe4 18. Nd2 e3 19. Bxe3 b5 20. Ne4 a4 21. Qd3 f5 22. Nc5 Nxc5 23. dxc5 Rd8 24. Qc3 Bf6 25. Qa5 Bc8 26. Rab1 Bd4 27. Bxd4 Rxd4 28. c6 f4 29. Qxb5 f3 30. Bf1 e5 31. Rd1 Bf5 32. Rxd4 exd4 33. Rd1 d3 34. Qxa4 Qe6 35. c7 Rc8 36. Qd4 Kf7 37. Qd8 Qc4 38. Bxd3 Qg4 39. Bxf5 Qxf5 40. Qd7+ 1-0

[Event "Belgrade Serbia op"]
[Site "Belgrade"]
[Date "2023.07.20"]
[Round "5"]
[White "Serikbay, Assel"]
[Black "Petrovic, Aleksa"]
[Result "1/2-1/2"]
[WhiteElo "2139"]
[BlackElo "2311"]
[PlyCount "60"]
[EventDate "2023.07.16"]
[EventType "swiss"]
[EventRounds "9"]
[EventCountry "SRB"]
[SourceTitle "CBM 215 Extra"]
[Source "ChessBase"]
[SourceDate "2023.09.30"]
[SourceVersion "1"]
[SourceVersionDate "2023.09.30"]
[SourceQuality "1"]

1. e4 g6 2. d4 Bg7 3. Nc3 a6 4. a4 d6 5. Be3 b6 6. f4 Bb7 7. Be2 Nd7 8. Bf3 e5 9. Nge2 Ngf6 10. 0-0 0-0 11. g4 exd4 12. Bxd4 Nc5 13. Ng3 Ne6 14. Be3 Nd7 15. Qd2 Re8 16. Rad1 Ndf8 17. Nd5 Bxd5 18. Qxd5 Qh4 19. Qd2 Qe7 20. b4 Rab8 21. Be2 b5 22. axb5 axb5 23. c4 bxc4 24. Bxc4 Nd8 25. f5 Nd7 26. fxg6 hxg6 27. Bg5 Nf6 28. Rde1 Qe5 29. Bf4 Qe7 30. Bg5 Nc6 1/2-1/2

[Event "Belgrade Serbia op"]
[Site "Belgrade"]
[Date "2023.07.19"]
[Round "4"]
[White "Spasic, Petar"]
[Black "Serikbay, Assel"]
[Result "1-0"]
[WhiteElo "2303"]
[BlackElo "2139"]
[PlyCount "121"]
[EventDate "2023.07.16"]
[EventType "swiss"]
[EventRounds "9"]
[EventCountry "SRB"]
[SourceTitle "CBM 215 Extra"]
[Source "ChessBase"]
[SourceDate "2023.09.30"]
[SourceVersion "1"]
[SourceVersionDate "2023.09.30"]
[SourceQuality "1"]

1. e4 c5 2. Nf3 d6 3. Bb5+ Nd7 4. 0-0 a6 5. Bd3 Ngf6 6. c3 Qc7 7. Bc2 d5 8. exd5 Nxd5 9. d4 cxd4 10. Qxd4 N7f6 11. Nbd2 e6 12. Ne4 Be7 13. Bg5 h6 14. Nxf6+ Nxf6 15. Be3 0-0 16. Rfd1 b5 17. Bf4 Qc5 18. Qxc5 Bxc5 19. Bd6 Bxd6 20. Rxd6 Bb7 21. Nd4 Rfd8 22. Rxd8+ Rxd8 23. Rd1 e5 24. Nb3 Rxd1+ 25. Bxd1 Bd5 26. a3 Nd7 27. Na5 Nc5 28. Bc2 Kf8 29. f3 Ke7 30. Kf2 Ke6 31. Ke3 f5 32. g3 g5 33. f4 Nd7 34. b3 Nf6 35. Bd1 Bg2 36. c4 bxc4 37. bxc4 Nd7 38. Nb3 Bc6 39. Na5 Bg2 40. Ba4 Nc5 41. Bc6 Bf1 42. Bd5+ Kd6 43. fxe5+ Kxe5 44. Nc6+ Kd6 45. Nd4 Ke5 46. Nc6+ Kd6 47. Nd8 Ke7 48. Nf7 Kf6 49. Nxh6 Nd7 50. Kd4 Nb6 51. Ng8+ Kg7 52. Ne7 Kf6 53. Nc6 f4 54. gxf4 gxf4 55. Ne5 Nxd5 56. cxd5 Bg2 57. d6 Ke6 58. d7 Ke7 59. h4 f3 60. Ke3 Bh3 61. h5 1-0

[Event "Belgrade Serbia op"]
[Site "Belgrade"]
[Date "2023.07.16"]
[Round "1"]
[White "Serikbay, Assel"]
[Black "Bozinovic, Boban"]
[Result "1-0"]
[WhiteElo "2139"]
[BlackElo "1954"]
[PlyCount "85"]
[EventDate "2023.07.16"]
[EventType "swiss"]
[EventRounds "9"]
[EventCountry "SRB"]
[SourceTitle "CBM 215 Extra"]
[Source "ChessBase"]
[SourceDate "2023.09.30"]
[SourceVersion "1"]
[SourceVersionDate "2023.09.30"]
[SourceQuality "1"]

1. d4 Nf6 2. c4 c5 3. d5 b5 4. cxb5 a6 5. bxa6 g6 6. Nc3 Bg7 7. g3 d6 8. Bg2 0-0 9. Nf3 Qa5 10. 0-0 Rxa6 11. Bd2 Nbd7 12. Qc2 Bb7 13. a4 Qb6 14. e4 Rc8 15. b3 Ne8 16. Bh3 Qd8 17. Rfb1 Rca8 18. Ra2 Nc7 19. Be3 Ne5 20. Nxe5 Bxe5 21. b4 cxb4 22. Rxb4 Bc8 23. Bf1 Bd7 24. Bxa6 Nxa6 25. Rc4 Bh3 26. Nb5 e6 27. Qd2 exd5 28. exd5 Qd7 29. Rac2 Nc5 30. f4 Bg7 31. Nxd6 Qxd6 32. Bxc5 Qd7 33. Be3 Qg4 34. Kf2 Qd7 35. Rc6 h5 36. a5 Bf5 37. R2c4 Bf8 38. a6 Bd6 39. Qd4 Qe7 40. a7 h4 41. Qb6 hxg3+ 42. hxg3 Ba3 43. Qb8+ 1-0

[Event "Paracin op 16th"]
[Site "Paracin"]
[Date "2023.07.08"]
[Round "2"]
[White "Serikbay, Assel"]
[Black "Tamas, Christian Arrydan"]
[Result "1/2-1/2"]
[WhiteElo "2139"]
[BlackElo "2006"]
[PlyCount "73"]
[EventDate "2023.07.07"]
[EventType "swiss"]
[EventRounds "9"]
[EventCountry "SRB"]
[SourceTitle "EXT 2024"]
[Source "ChessBase"]
[SourceDate "2023.10.10"]
[SourceVersion "1"]
[SourceVersionDate "2023.10.10"]
[SourceQuality "1"]

1. d4 Nf6 2. c4 e6 3. g3 c5 4. d5 d6 5. Nc3 exd5 6. cxd5 g6 7. Bg2 Bg7 8. Nf3 0-0 9. 0-0 Re8 10. Re1 Ne4 11. Nxe4 Rxe4 12. Nd2 Re8 13. a4 Nd7 14. h3 b6 15. Ne4 Qe7 16. Qc2 a6 17. Bg5 Qf8 18. Bf4 Ne5 19. Bd2 Bf5 20. Qb3 Bxe4 21. Bxe4 Rab8 22. f4 Ng4 23. Qc2 Qe7 24. Bxg6 hxg6 25. hxg4 Qe4 26. Qxe4 Rxe4 27. Bc3 Bxc3 28. bxc3 Re3 29. c4 Rxg3+ 30. Kf2 Rxg4 31. e3 f5 32. Rh1 g5 33. Ra3 gxf4 34. exf4 b5 35. axb5 axb5 36. Rh5 bxc4 37. Rxf5 1/2-1/2

[Event "Cheliabinsk Lozovatsky Memorial-B"]
[Site "Cheliabinsk"]
[Date "2023.02.05"]
[Round "10"]
[White "Serikbay, Assel"]
[Black "Loskutova, Viktoriya"]
[Result "1/2-1/2"]
[WhiteElo "2211"]
[BlackElo "2146"]
[PlyCount "60"]
[EventDate "2023.01.27"]
[EventType "swiss"]
[EventRounds "10"]
[EventCountry "RUS"]
[SourceTitle "CBM 212 Extra"]
[Source "ChessBase"]
[SourceDate "2023.03.31"]
[SourceVersion "1"]
[SourceVersionDate "2023.03.31"]
[SourceQuality "1"]

1. d4 Nf6 2. c4 e6 3. Nf3 b6 4. a3 Bb7 5. Nc3 d5 6. Bg5 Be7 7. e3 0-0 8. Bd3 dxc4 9. Bxc4 c5 10. dxc5 Bxc5 11. 0-0 Nbd7 12. Qe2 a6 13. b4 Bd6 14. Rac1 Qb8 15. Kh1 Rc8 16. Rfe1 Ne5 17. Nd2 Nxc4 18. Nxc4 Be5 19. Nb1 Bd5 20. Nbd2 b5 21. Nxe5 Qxe5 22. Bxf6 Qxf6 23. e4 Rxc1 24. Rxc1 Qb2 25. Rb1 Bc4 26. Rxb2 Bxe2 27. Nb3 Bc4 28. Nc5 a5 29. h4 axb4 30. axb4 Ra2 1/2-1/2